Nenne je einen Bayern-Spieler pro Nation - Statistiken

Allgemein
  • Dieses Quiz wurde 279 mal gespielt
  • Das Durchschnittsergebnis liegt bei 21 aus 49
Antwortstatistiken
Nation Spielername % Korrekt
Frankreich Ribery, Coman
99%
Österreich Laimer, Sabitzer
97%
Niederlande de Ligt, Gravenberch
95%
Kroatien Stanisic, Vidovic
91%
Brasilien Coutinho, Costa
90%
England Kane, Dier
89%
Spanien Zaragoza, Roca
88%
Polen Lewandowski, Wojciechowski
85%
Kanada Davies
75%
Schweiz Sommer, Shaqiri
74%
Südkorea Kim, Jeong
70%
Portugal Palhinha, Guerreiro
70%
Senegal Mane, Sarr
69%
Marokko Aznou, Mazraoui
64%
Italien Oddo, Toni
63%
Türkei Ekici, Altintop
61%
Chile Vidal
61%
USA Tillman, Richards
59%
Kolumbien Rodriguez, Valencia
58%
Peru Pizarro, Guerrero
56%
Dänemark Hojbjerg, Laudrup
55%
Kamerun Choupo-Moting, Ngwat-Mahop
49%
Belgien van Buyten, Dekeyser, Pfaff
48%
Japan Ito, Usami
46%
Israel Peretz
44%
Argentinien Sosa, Demichelis
42%
Paraguay dos Santos, Santa Cruz
37%
Iran Karimi, Hashemian
37%
Bosnien-Herzegowina Salihamidzic, Mihajlovic
33%
Ghana Kuffour
31%
Ukraine Tymoshchuk
26%
Schweden Andersson, Johansson
20%
Australien Irankunda
17%
Neuseeland Singh
16%
Wales Hughes
7%
Serbien Milutinovic, Pantovic
7%
Tschechien Jarolim, Jirasek
6%
Bulgarien Kostadinov, Lozanov
6%
Schottland McInally
6%
Guinea Thiam
5%
Island Sigurvinsson
4%
Slowenien Oblak
3%
Sambia Sinkala
3%
Luxemburg Johansson
2%
Norwegen Johnsen, Aas
2%
Lettland Ontuzans
2%
Finnland Rautiainen
2%
Ungarn Sipos, Zsamboki
1%
Madagaskar Vita
1%
Keine übereinstimmenden Quizze gefunden
Verteilung der Resultate
Anzahl Personen mit jedem Resultat
Perzentil nach korrekt beantworteten Fragen
Ihre Resultats-Entwicklung
Sie haben dieses Quiz noch nicht gespielt